00334nam a2200109Ia 4500008004100000082002000041100002800061245002400089260003900113630001800152650005400170211109s9999||||xx |||||||||||||| ||und|| a894.8124bNAR-S aNariyal [prof George],  0aSamudrakasa Sastram bNATIONAL BOOKSTALLaKottayamc1956 xGeneral Stack aMalayalam LiteraturevMalayalam EssaysxGeneralia